000 00555nam a22002177a 4500
003 UA-OsUOA
001 41459
007 ta
008 20080725b un ||||| |||| 00| 0 ukr d
090 _a243
_bУ45
942 _cBK
040 _aUA-OsUOA
_bukr
_cUA-OsUOA
_dUA-OsUOA
245 _aУкраїнський Православний Часослов
300 _a248 с.
955 _a2
041 _aukr
080 _a243
260 _aВінніпег
_b"Екклезія"
_c1993
650 7 _a2 Релігія. Теологія.
_2UDC
999 _c439959
_d439959